Rozkład granulometryczny materiału rozdrobnionego w kutrze / (Rekord nr 8933)
| 000 -ETYKIETA REKORDU | |
|---|---|
| podpole kontrolne o stałej długości | 01219naa a2200205 i 4500 |
| 001 - NUMER KONTROLNY REKORDU | |
| podpole kontrolne | 8933 |
| 003 - IDENTYFIKATOR NUMERU KONTROLNEGO REKORDU | |
| podpole kontrolne | KOSZ 005 |
| 005 - DATA OSTATNIEJ MODYFIKACJI REKORDU | |
| podpole kontrolne | 20180312111759.0 |
| 008 - POLE O STAŁEJ DŁUGOŚCI - DANE KONTROLNE | |
| podpole kontrolne o stałej długości | 140903s1990 pl f |100 0 pol |
| 040 ## - ŹRÓDŁO KATALOGOWANIA | |
| Instytucja, która utworzyła rekord | BPK |
| Instytucja, która dokonała modyfikacji | KOSZ 005/EG |
| 041 ## - KOD JĘZYKA | |
| Kod języka tekstu | pol |
| 100 1# - NAZWA OSOBOWA | |
| Nazwa osobowa | OWCZARZAK, Janusz. |
| Lata pracy | 1980 - 1990. |
| Instytucja | Wyższa Szkoła Inżynierska w Koszalinie - Instytut Konstrukcji i Eksploatacji Maszyn, |
| Wydział | Zakład Maszyn Przemysłu Spożywczego |
| 245 10 - TYTUŁ/ODPOWIEDZIALNOŚĆ | |
| Tytuł | Rozkład granulometryczny materiału rozdrobnionego w kutrze / |
| Pozostałe elementy strefy tytułu i oznaczenia odpowiedzialności | Janusz Owczarzak, Władysław Tarasewicz, Tadeusz Bil. |
| 650 #0 - HASŁO PRZEDMIOTOWE W FORMIE NAZWY OGÓLNEJ LUB JEDNOSTKOWEJ | |
| Nazwa ogólna lub geograficzna | Rozdrabnianie - narzędzia i maszyny. |
| 700 1# - HASŁO DODATKOWE - NAZWA OSOBOWA | |
| Nazwa osobowa | BIL, Tadeusz. |
| Instytucja | Wyższa Szkoła Inżynierska w Koszalinie - Wydział Mechaniczny, |
| Wydział | Zakład Technologii Maszyn |
| Lata pracy | 1974 - 1996. |
| 700 1# - HASŁO DODATKOWE - NAZWA OSOBOWA | |
| Nazwa osobowa | TARASEWICZ, Władysław. |
| Instytucja | Wyższa Szkoła Inżynierska w Koszalinie - Instytut Konstrukcji i Eksploatacji Maszyn, |
| Wydział | Zakład Maszyn Przemysłu Spożywczego |
| Lata pracy | 1983 - 1991. |
| 711 22 - HASŁO DODATKOWE - NAZWA IMPREZY | |
| Nazwa imprezy | Budowa i eksploatacja maszyn w przemyśle spożywczym |
| Oznaczenie części/sekcji dzieła | (5 ; |
| Data imprezy | 1990 ; |
| Miejsce imprezy | Poznań - Błażejewko). |
| 773 0# - TYTUŁ DOKUMENTU MACIERZYSTEGO | |
| Wyrażenie wprowadzające | W : |
| Tytuł | V Konferencja naukowo-techniczna "Budowa i eksploatacja maszyn w przemyśle spożywczym". - |
| Adres wydawniczy | Poznań, 1990. - |
| Informacje dotyczące relacji | s. 98-99 |
| 942 ## - HASŁO DODATKOWE - ELEMENTY(KOHA) | |
| Typ dokumentu | Rozdział |
| Schemat klasyfikacji | Uniwersalna klasyfikacja dziesiętna |
Brak dostępnych egzemplarzy.
